Quiz sur Minecraft - Statistiques

Statistiques générales
  • Ce quiz a été pris 372 fois
  • Le résultat moyen est 15 sur 20
Statistiques - réponses
Question Réponse % Correct
End
96%
Nether
95%
Boss final Ender Dragon
91%
Vous pourrez l’échanger avec des villageois et des marchands Émeraude
88%
Pour aller dans la dimension #2 vous devez construire un portail en… Obsidienne
88%
Ce mob génère en mourant de la viande et du cuir Vache
87%
Mode alternatif, vous permettant notamment de voler Mode Créatif
86%
Créateur du jeu Markus Persson
82%
Bloc utilisé pour construire des circuits logiques Redstone
79%
Dimensions disponibles Overworld
78%
Bedrock
76%
Elle est putréfiée et vient des zombies Chair
75%
Versions du jeu Java
75%
Sa nationalité Suédois
72%
Minerai nécessaire pour fabriquer un tailleur de pierres Fer
71%
Entreprise qui possède Minecfaft Microsoft
70%
Ce mob est le plus fort du jeu Warden
65%
Serveur multi-joueur le plus fréquenté Hypixel
58%
… et vous devrez … l’enflammer
30%
Cette dernière est également… Le point le plus bas
0%
Aucun quiz correspondant
Distribution des résultats
% des personnes avec chaque résultat
Percentile par nombre de réponses
Votre historique - résultats
Vous n’avez pas pris ce quiz